000 00403cam a2200157ua 4500
003 OSt
008 250104b |||||||| |||| 00| 0 eng d
041 _aeng
082 _a621.381
_bGAV/PR
100 _aGavin, M R .
_96757
245 _aPrinciples of electronics /
260 _aLondon :
_bEnglish Language Book Society ,
_c1959.
300 _a348 ; .
700 1 _aHouldin, I E .
_96758
942 _cBK
999 _c3179
_d3179